KOHA-Header-6

Introduction to Data Mining (Record no. 366)

000 -LEADER
fixed length control field 00354nam a2200121Ia 4500
008 - FIXED-LENGTH DATA ELEMENTS--GENERAL INFORMATION
fixed length control field 190722s9999 xx 000 0 und d
020 ## - INTERNATIONAL STANDARD BOOK NUMBER
International Standard Book Number 978-93-325-1865-0
100 ## - MAIN ENTRY--PERSONAL NAME
Personal name Tan, Steinbach, Kumar
245 #0 - TITLE STATEMENT
Title Introduction to Data Mining
260 ## - PUBLICATION, DISTRIBUTION, ETC. (IMPRINT)
Place of publication, distribution, etc New Delhi
Name of publisher, distributor, etc Pearson (Indian Ed.) Pvt. Ltd. Dorling Kindersley Pvt. Ltd.
Date of publication, distribution, etc 2015
300 ## - PHYSICAL DESCRIPTION
Extent 732
942 ## - ADDED ENTRY ELEMENTS (KOHA)
Koha item type Books
Holdings
Withdrawn status Lost status Source of classification or shelving scheme Damaged status Not for loan Collection code Permanent Location Current Location Shelving location Date acquired Full call number Barcode Date last seen Price effective from Koha item type
        Not For Loan Computer Science Computing and Engineering Library Block-D Computing and Engineering Library Block-D Shelf No.A32 2019-07-22 6.3 6992 2019-07-22 2019-07-22 Computer Science

Powered by Koha